000 00286nam a22001337a 4500
008 170801b xxu||||| |||| 00| 0 eng d
020 _a9780375706288
041 _aeng
080 _a004
100 _a32
101 _aSHKI
245 _aINFORMATICA 1.0
_cBLACK, P.M
942 _2udc
_cBK
999 _c22453
_d22453